[Event "22nd European Teams"]
[Site "Batumi GEO"]
[Date "2019.10.26"]
[Round "3.17"]
[Board "4"]
[White "Idrizaj, Abedin"]
[Black "Oboladze, Luka"]
[Result "1/2-1/2"]
[BlackTitle "FM"]
[WhiteElo "2231"]
[BlackElo "2336"]
[WhiteTeam "Kosovo"]
[BlackTeam "Georgia 2"]
[WhiteFideId "4672046"]
[BlackFideId "13608207"]
[EventDate "2019.10.24"]

1. e4 c5 2. Nf3 Nc6 3. d4 cxd4 4. Nxd4 Nf6 5. Nxc6 bxc6 6. Bd3 g6 7. O-O d6 8.
b3 Bg7 9. Bb2 O-O 10. Nd2 e5 11. Nc4 Re8 12. Re1 Qc7 13. Bf1 d5 14. exd5 Nxd5
15. Qd2 Bf5 16. Bd3 Bxd3 17. Qxd3 Re6 18. Qd2 f5 19. Rad1 Rae8 20. Na5 Nf6 21.
Nc4 Nd5 22. Na5 Nf6 23. Nc4 e4 24. Qa5 Qxa5 25. Nxa5 f4 26. c4 Bf8 27. Nb7 Be7
28. Bxf6 Bxf6 29. Nd6 R8e7 30. Nc8 Rc7 31. Nd6 e3 32. fxe3 fxe3 33. Re2 1/2-1/2

[Event "22nd European Teams"]
[Site "Batumi GEO"]
[Date "2019.10.26"]
[Round "3.18"]
[Board "1"]
[White "Vocaturo, Daniele"]
[Black "Kovalev, Vladislav"]
[Result "1/2-1/2"]
[WhiteTitle "GM"]
[BlackTitle "GM"]
[WhiteElo "2620"]
[BlackElo "2661"]
[WhiteTeam "Italy"]
[BlackTeam "Belarus"]
[WhiteFideId "813192"]
[BlackFideId "13504398"]
[EventDate "2019.10.24"]

1. d4 Nf6 2. c4 e6 3. Nf3 d5 4. g3 Be7 5. Bg2 O-O 6. O-O dxc4 7. Ne5 c5 8. dxc5
Qc7 9. Nxc4 Rd8 10. Qa4 Qxc5 11. Nc3 Nc6 12. Be3 Qh5 13. Bb6 Re8 14. Bc7 Bd7 15.
Bd6 Nd5 16. Bxe7 Nxc3 17. bxc3 Rxe7 18. Rfb1 Be8 19. Nd6 Qxe2 20. Nxe8 Raxe8 21.
Bxc6 bxc6 22. Qxc6 Rd8 23. Qd6 Qe1+ 24. Kg2 Qe4+ 25. Kg1 Qe1+ 26. Kg2 Qe4+ 27.
Kg1 Qe1+ 28. Kg2 Qe4+ 29. Kg1 Qe1+ 30. Kg2 Qe4+ 1/2-1/2

[Event "22nd European Teams"]
[Site "Batumi GEO"]
[Date "2019.10.26"]
[Round "3.18"]
[Board "2"]
[White "Zhigalko, Sergei"]
[Black "Moroni, Luca Jr"]
[Result "0-1"]
[WhiteTitle "GM"]
[BlackTitle "GM"]
[WhiteElo "2574"]
[BlackElo "2553"]
[WhiteTeam "Belarus"]
[BlackTeam "Italy"]
[WhiteFideId "13502956"]
[BlackFideId "865834"]
[EventDate "2019.10.24"]

1. e4 e5 2. Nf3 Nc6 3. Bb5 a6 4. Ba4 Nf6 5. O-O b5 6. Bb3 Bc5 7. Nc3 O-O 8. d3
h6 9. a4 b4 10. Nd5 Na5 11. Ba2 Nxd5 12. Bxd5 c6 13. Ba2 d6 14. c3 Bg4 15. d4
exd4 16. cxb4 Bxf3 17. gxf3 Bxb4 18. Qxd4 c5 19. Qd5 Qf6 20. f4 Rac8 21. Kh1 c4
22. Rd1 Rc5 23. Qd4 Qxd4 24. Rxd4 Rc6 25. Rd5 Rb8 26. Be3 Bc5 27. e5 Nb3 28.
Rad1 Bxe3 29. fxe3 dxe5 30. Rxe5 Rcc8 31. Re7 Rb4 32. Bxb3 Rxb3 33. Rdd7 Rf8 34.
Rb7 Rxb7 35. Rxb7 Re8 36. Rc7 Rxe3 37. Rxc4 Rb3 38. f5 Rxb2 39. f6 g5 40. Rc6 a5
41. Rc5 Kh7 42. Rxa5 Kg6 43. Ra8 Kxf6 44. a5 Ra2 45. a6 h5 46. h4 g4 47. Rh8 Kg6
48. Rg8+ Kf5 49. Rg7 f6 50. a7 Kf4 0-1

[Event "22nd European Teams"]
[Site "Batumi GEO"]
[Date "2019.10.26"]
[Round "3.18"]
[Board "3"]
[White "Lodici, Lorenzo"]
[Black "Stupak, Kirill"]
[Result "0-1"]
[WhiteTitle "IM"]
[BlackTitle "GM"]
[WhiteElo "2469"]
[BlackElo "2551"]
[WhiteTeam "Italy"]
[BlackTeam "Belarus"]
[WhiteFideId "884189"]
[BlackFideId "13503758"]
[EventDate "2019.10.24"]

1. d4 Nf6 2. c4 e6 3. Nc3 d5 4. Nf3 Be7 5. Bf4 O-O 6. e3 b6 7. cxd5 Nxd5 8. Nxd5
exd5 9. Be2 Bb4+ 10. Nd2 Bd6 11. Bxd6 Qxd6 12. Qc2 Ba6 13. Bxa6 Nxa6 14. O-O Nb4
15. Qc3 Rac8 16. Nf3 c5 17. dxc5 bxc5 18. Rfd1 Rfd8 19. a3 Nc6 20. Rac1 Ne7 21.
b4 cxb4 22. Qxb4 Qxb4 23. axb4 Rxc1 24. Rxc1 Rb8 25. Rc7 Rc8 26. Rxc8+ Nxc8 27.
Kf1 Kf8 28. Ke2 Ke7 29. Kd3 f6 30. Kd4 Kd6 31. g4 Ne7 32. b5 Ng6 33. Ne1 Nf8 34.
Nd3 Ne6+ 35. Kc3 Nc5 36. Nf4 Ne4+ 37. Kd4 Nxf2 38. Nh5 Nxg4 39. Nxg7 Nxh2 40.
Ne8+ Ke6 41. Nc7+ Kf5 42. Kxd5 h5 43. e4+ Kg4 44. Ne8 Kg5 45. Nd6 Ng4 46. Nc8 h4
47. Nxa7 h3 48. b6 Ne5 49. b7 h2 50. b8=Q h1=Q 51. Nb5 Qd1+ 52. Nd4 Qxd4+ 53.
Kxd4 Nc6+ 54. Kd5 Nxb8 55. e5 f5 56. e6 Na6 57. e7 Nc7+ 58. Ke5 f4 59. Ke4 Kg4 0-1

[Event "22nd European Teams"]
[Site "Batumi GEO"]
[Date "2019.10.26"]
[Round "3.18"]
[Board "4"]
[White "Zarubitski, Viachaslau"]
[Black "Sonis, Francesco"]
[Result "1-0"]
[WhiteTitle "IM"]
[BlackTitle "IM"]
[WhiteElo "2435"]
[BlackElo "2475"]
[WhiteTeam "Belarus"]
[BlackTeam "Italy"]
[WhiteFideId "13509373"]
[BlackFideId "895733"]
[EventDate "2019.10.24"]

1. e4 c5 2. Nf3 e6 3. b3 b6 4. Bd3 Ne7 5. O-O Ng6 6. Re1 Bb7 7. Bb2 Nc6 8. Bf1
d5 9. exd5 Qxd5 10. Nc3 Qd7 11. Ne4 Nd4 12. Nxd4 cxd4 13. Qh5 Rc8 14. Bb5 Bc6
15. Bxc6 Rxc6 16. c3 Be7 17. cxd4 O-O 18. g3 Rfc8 19. Re3 f5 20. Ng5 Bxg5 21.
Qxg5 e5 22. dxe5 Qxd2 23. Ba3 f4 24. gxf4 Qd4 25. Rae1 Nxf4 26. Qf5 Rg6+ 27. Kf1
Ne6 28. Rd3 Qh4 29. Red1 Re8 30. Rd7 Qf4 31. Qxf4 Nxf4 32. Rxa7 h5 33. Rd4 Nh3
34. Re4 Rg1+ 35. Ke2 Rg2 36. Kf3 Rxf2+ 37. Kg3 Ng5 38. Kxf2 Nxe4+ 39. Kf3 Rxe5
40. Rxg7+ Kxg7 41. Bb2 Kf6 42. Kf4 Ke6 43. Bxe5 Kd5 44. Bg7 b5 45. Kf5 Nc5 46.
Kg6 h4 47. Kh5 h3 48. Kg4 Nd3 49. Kxh3 Nc1 50. Kg4 Ke6 51. Bc3 Nxa2 52. Bd2 Kd5
53. h4 b4 54. Kf3 Kd4 55. Ke2 Nc3+ 56. Bxc3+ 1-0

[Event "22nd European Teams"]
[Site "Batumi GEO"]
[Date "2019.10.26"]
[Round "3.19"]
[Board "1"]
[White "Hovhannisyan, Mher"]
[Black "Stefansson, Hannes"]
[Result "0-1"]
[WhiteTitle "GM"]
[BlackTitle "GM"]
[WhiteElo "2439"]
[BlackElo "2541"]
[WhiteTeam "Belgium"]
[BlackTeam "Iceland"]
[WhiteFideId "13300865"]
[BlackFideId "2300087"]
[EventDate "2019.10.24"]

1. d4 Nf6 2. Nf3 b6 3. c4 Bb7 4. Nc3 e6 5. a3 g6 6. Qc2 Bg7 7. e4 d6 8. Bd3 O-O
9. Bg5 h6 10. Bh4 g5 11. Bg3 Nh5 12. d5 Nd7 13. O-O-O Nc5 14. dxe6 fxe6 15. e5
Nxd3+ 16. Qxd3 Nxg3 17. hxg3 dxe5 18. Qg6 Qf6 19. Rxh6 Qxg6 20. Rxg6 Kf7 21.
Rxg5 Bh6 22. Nxe5+ Ke8 23. f4 Bxg5 24. fxg5 Rf5 25. Ng6 Rxg5 26. Nf4 Ke7 27. Re1
e5 28. Nh3 Rxg3 29. Rxe5+ Kd7 30. Nf4 Bxg2 31. Nce2 Rg4 32. Kd2 Bf3 33. b3 Re8
34. Rxe8 Kxe8 35. Ke3 Bxe2 36. Nxe2 Rh4 37. Kd3 Rh3+ 38. Kc2 Rh2 39. Kd3 Kd7 40.
Nd4 Rh3+ 41. Kc2 a6 42. Ne2 Rh2 43. Kd3 Kd6 44. Nc3 Rh1 45. b4 Rh2 46. c5+ bxc5
47. Ne4+ Kc6 48. Nxc5 Rh3+ 49. Kc2 Rxa3 50. Kb2 Re3 51. Nxa6 Kb6 52. Nc5 Kb5 53.
Kc2 c6 0-1

[Event "22nd European Teams"]
[Site "Batumi GEO"]
[Date "2019.10.26"]
[Round "3.19"]
[Board "2"]
[White "Kjartansson, Gudmundur"]
[Black "Dardha, Daniel"]
[Result "0-1"]
[WhiteTitle "IM"]
[BlackTitle "FM"]
[WhiteElo "2459"]
[BlackElo "2433"]
[WhiteTeam "Iceland"]
[BlackTeam "Belgium"]
[WhiteFideId "2301318"]
[BlackFideId "240990"]
[EventDate "2019.10.24"]

1. Nf3 c5 2. c4 Nf6 3. Nc3 b6 4. g3 Bb7 5. Bg2 e6 6. O-O Be7 7. d4 cxd4 8. Qxd4
d6 9. Rd1 a6 10. Bg5 Nbd7 11. Qd2 Rc8 12. b3 O-O 13. Bf4 Ne8 14. Ng5 Bxg2 15.
Kxg2 Rc6 16. f3 b5 17. cxb5 axb5 18. Rac1 h6 19. Nh3 Rb6 20. Nf2 Qa8 21. e4 Nef6
22. Be3 Rbb8 23. Nd3 Rfc8 24. Rc2 Qb7 25. Rdc1 Ra8 26. Ne2 Rxc2 27. Rxc2 Bf8 28.
Qc1 e5 29. Rc7 Qb8 30. Rc2 d5 31. exd5 Nxd5 32. Qd2 Qb7 33. Nc3 Nxc3 34. Qxc3 e4
35. Ne1 Nf6 36. Qd4 exf3+ 37. Nxf3 Ra6 38. Bf4 g5 39. Be5 g4 40. Kg1 Ne4 41. Nh4
Rxa2 42. Rxa2 Bc5 43. Qxc5 Nxc5 44. Rd2 Qe7 45. Rd5 Qg5 46. Nf5 Qxf5 47. Rxc5
Qb1+ 48. Kf2 Qxb3 49. Rc3 Qa2+ 50. Kg1 b4 51. Rc8+ Kh7 52. Rc7 Qb1+ 53. Kf2 Qf5+
54. Bf4 b3 55. Rb7 Qc2+ 56. Ke3 b2 0-1

[Event "22nd European Teams"]
[Site "Batumi GEO"]
[Date "2019.10.26"]
[Round "3.19"]
[Board "3"]
[White "Lenaerts, Lennert"]
[Black "Gretarsson, Helgi Ass"]
[Result "1/2-1/2"]
[WhiteTitle "FM"]
[BlackTitle "GM"]
[WhiteElo "2333"]
[BlackElo "2410"]
[WhiteTeam "Belgium"]
[BlackTeam "Iceland"]
[WhiteFideId "211435"]
[BlackFideId "2300699"]
[EventDate "2019.10.24"]

1. d4 g6 2. c4 Bg7 3. e4 e6 4. Nc3 Ne7 5. Nf3 d5 6. cxd5 exd5 7. e5 c5 8. dxc5
Nbc6 9. Bf4 Bg4 10. Be2 Qa5 11. O-O Qxc5 12. Rc1 O-O 13. h3 Bxf3 14. Bxf3 Nxe5
15. Bxe5 Bxe5 16. Nxd5 Qd6 17. Nxe7+ Qxe7 18. Re1 Qf6 19. Qa4 Bxb2 20. Rc7 Bd4
21. Qc2 Rae8 22. Rxe8 Rxe8 23. Rc8 Rxc8 24. Qxc8+ Kg7 25. Qc2 b5 26. Qe2 Qf5 27.
Bc6 a6 28. Bb7 a5 29. Bc6 b4 30. Ba4 h5 31. Bb3 h4 32. Qf3 Qxf3 33. gxf3 Be5 34.
Kf1 f5 35. Ke2 Bf4 36. Kd3 Kf6 37. Ba4 Bc7 38. Be8 g5 39. Bd7 Ke5 40. Kc4 Kf4
41. Kb5 Bd8 42. Ka4 Ke5 43. Kb5 Kf4 44. Bc8 Kxf3 45. Bxf5 Kxf2 46. Ka4 Ke3 47.
a3 Be7 48. axb4 axb4 49. Kb3 Kd2 50. Bg4 1/2-1/2

[Event "22nd European Teams"]
[Site "Batumi GEO"]
[Date "2019.10.26"]
[Round "3.19"]
[Board "4"]
[White "Ragnarsson, Dagur"]
[Black "Dardha, Arben"]
[Result "1/2-1/2"]
[WhiteTitle "FM"]
[BlackTitle "FM"]
[WhiteElo "2388"]
[BlackElo "2286"]
[WhiteTeam "Iceland"]
[BlackTeam "Belgium"]
[WhiteFideId "2304058"]
[BlackFideId "4700481"]
[EventDate "2019.10.24"]

1. d4 Nf6 2. c4 e6 3. Nf3 d5 4. g3 Bb4+ 5. Bd2 Be7 6. Bg2 O-O 7. O-O Ne4 8. Be3
c6 9. Qb3 Nd7 10. Nfd2 Nd6 11. f3 dxc4 12. Nxc4 Nxc4 13. Qxc4 e5 14. dxe5 Nxe5
15. Qc2 Be6 16. Nd2 Qa5 17. b3 Rfd8 18. Rad1 Rd7 19. h3 Rad8 20. f4 Bf5 21. Ne4
Rxd1 22. Rxd1 Rxd1+ 23. Qxd1 Bxe4 24. Bxe4 Bc5 25. Bxc5 Qxc5+ 26. Kg2 Ng6 27.
Qd7 Qe7 28. Qc8+ Nf8 29. Kf3 g6 30. Qb8 a6 31. Bd3 Qd7 32. g4 h5 33. Qe5 hxg4+
34. hxg4 Ne6 35. f5 Nf8 36. b4 Qd8 37. a4 Qh4 38. Qf4 Qh1+ 39. Kf2 Qh4+ 40. Kg2
Qf6 41. a5 g5 42. Qc7 Qd4 43. Qxb7 Qxg4+ 44. Kf1 Qf4+ 45. Kg2 Qg4+ 46. Kf1 Qf4+
47. Kg2 1/2-1/2

[Event "22nd European Teams"]
[Site "Batumi GEO"]
[Date "2019.10.26"]
[Round "3.20"]
[Board "1"]
[White "Mehmeti, Dritan"]
[Black "Tate, Alan"]
[Result "1-0"]
[WhiteTitle "IM"]
[BlackTitle "FM"]
[WhiteElo "2359"]
[BlackElo "2352"]
[WhiteTeam "Albania"]
[BlackTeam "Scotland"]
[WhiteFideId "4700600"]
[BlackFideId "2401878"]
[EventDate "2019.10.24"]

1. d4 d5 2. Nf3 Nf6 3. c4 e6 4. g3 Bb4+ 5. Bd2 Bd6 6. Bg2 O-O 7. Qc2 Nbd7 8. O-O
c6 9. Rd1 Ne4 10. Bc3 f5 11. Nbd2 Qf6 12. a3 b6 13. b4 Bb7 14. Bb2 g5 15. e3
Rac8 16. c5 Bc7 17. a4 bxc5 18. dxc5 e5 19. Rac1 Rf7 20. Ne1 Qe7 21. Nd3 Nxd2
22. Qxd2 e4 23. Qc3 Rf6 24. Ne1 Be5 25. Qb3 Bxb2 26. Qxb2 Ne5 27. Qd4 f4 28.
exf4 gxf4 29. gxf4 Rxf4 30. Rc3 Rcf8 31. Rg3+ Rg4 32. Rxg4+ Nxg4 33. f3 Nf6 34.
fxe4 Nxe4 35. Bxe4 dxe4 36. Rd2 h6 37. Nc2 Bc8 38. Ne3 Bh3 39. Qd6 Qh4 40. Qg3+
Qxg3+ 41. hxg3 Rf3 42. Kh2 Rxe3 43. Kxh3 Rd3 44. Rb2 a6 45. Kg4 Kf7 46. Rh2 Kg6
47. b5 axb5 48. axb5 cxb5 49. Rc2 Rd7 50. Kf4 Kf6 51. Kxe4 Ke6 52. Rh2 Rh7 53.
Ra2 Rh8 54. Ra6+ Kd7 55. Kd5 Kc7 56. Ra7+ Kb8 57. Rg7 h5 58. Kc6 h4 59. Kb6 h3
60. c6 h2 61. Rb7+ Kc8 62. Ra7 1-0

[Event "22nd European Teams"]
[Site "Batumi GEO"]
[Date "2019.10.26"]
[Round "3.20"]
[Board "2"]
[White "Olson, Hamish"]
[Black "Ashiku, Franc"]
[Result "0-1"]
[WhiteTitle "FM"]
[BlackTitle "FM"]
[WhiteElo "2288"]
[BlackElo "2424"]
[WhiteTeam "Scotland"]
[BlackTeam "Albania"]
[WhiteFideId "2404257"]
[BlackFideId "4700066"]
[EventDate "2019.10.24"]

1. d4 f5 2. g3 Nf6 3. Bg2 d6 4. Nf3 g6 5. O-O Bg7 6. Nbd2 O-O 7. Re1 Ne4 8. Nxe4
fxe4 9. Ng5 d5 10. f3 c5 11. dxc5 h6 12. Nh3 g5 13. fxe4 d4 14. e3 Nc6 15. exd4
Qxd4+ 16. Kh1 Be6 17. c3 Qxc5 18. Be3 Qb5 19. Qe2 Bc4 20. Qc2 Rac8 21. Nf2 Be6
22. a4 Qa6 23. Nd3 b6 24. a5 Nxa5 25. Nb4 Qb7 26. Nd5 Nc4 27. Bg1 Ne5 28. Qa4
Nc6 29. e5 Qd7 30. Rad1 Qe8 31. Nf6+ exf6 32. exf6 Rxf6 33. Rd6 Na5 34. Qxe8+
Rxe8 35. b4 Nc4 36. Rdxe6 Rfxe6 37. Rxe6 Rxe6 38. Bd5 Kf7 39. Bxc4 Bxc3 40. b5
Ke7 41. Bxe6 Kxe6 42. g4 Kd5 0-1

[Event "22nd European Teams"]
[Site "Batumi GEO"]
[Date "2019.10.26"]
[Round "3.20"]
[Board "3"]
[White "Pasko, Llambi"]
[Black "Abdulla, Murad"]
[Result "1-0"]
[WhiteTitle "IM"]
[BlackTitle "FM"]
[WhiteElo "2443"]
[BlackElo "2263"]
[WhiteTeam "Albania"]
[BlackTeam "Scotland"]
[WhiteFideId "4701178"]
[BlackFideId "2403757"]
[EventDate "2019.10.24"]

1. d4 d5 2. c4 c6 3. Nf3 Nf6 4. e3 e6 5. Nc3 Nbd7 6. Qc2 Be7 7. b3 O-O 8. Bd3
Qc7 9. Bb2 b6 10. cxd5 exd5 11. g4 g6 12. g5 Ne8 13. h4 Qd6 14. O-O-O a5 15. Ne5
Ba6 16. Bxa6 Rxa6 17. f4 Nxe5 18. dxe5 Qc5 19. Qd3 Ra7 20. Kb1 Ng7 21. Na4 Qb4
22. Bc3 Qe4 23. Qxe4 dxe4 24. Nxb6 Nf5 25. Na4 c5 26. h5 Nxe3 27. Rde1 Nf5 28.
Rh3 e3 29. hxg6 fxg6 30. Reh1 h5 31. gxh6 Kh7 32. Nb6 g5 33. fxg5 Bxg5 34. e6
Re8 35. Nd7 a4 36. Rf3 Nd4 37. Rf7+ Kh8 38. Nxc5 1-0

[Event "22nd European Teams"]
[Site "Batumi GEO"]
[Date "2019.10.26"]
[Round "3.20"]
[Board "4"]
[White "Muir, Andrew J"]
[Black "Seitaj, Ilir"]
[Result "0-1"]
[WhiteTitle "IM"]
[BlackTitle "IM"]
[WhiteElo "2271"]
[BlackElo "2346"]
[WhiteTeam "Scotland"]
[BlackTeam "Albania"]
[WhiteFideId "2400138"]
[BlackFideId "4700031"]
[EventDate "2019.10.24"]

1. d4 d5 2. c4 e6 3. Nc3 Nf6 4. Nf3 c5 5. cxd5 exd5 6. g3 Nc6 7. Bg2 Be7 8. O-O
O-O 9. Bg5 c4 10. Ne5 Be6 11. b3 Qa5 12. Nxc6 bxc6 13. Na4 Rac8 14. Bd2 Qa6 15.
bxc4 Qxc4 16. e3 Bf5 17. Re1 Rb8 18. Bf1 Qc2 19. Qxc2 Bxc2 20. Nc5 Bxc5 21. dxc5
Ne4 22. Rec1 Nxd2 23. Rxc2 Nxf1 24. Kxf1 Rb4 25. Rd1 Rfb8 26. Rd3 a5 27. Ke2 f5
28. Rd4 Kf7 29. Rxb4 Rxb4 30. Kd3 Ke6 31. h4 Ke5 32. f4+ Ke6 33. Kc3 Re4 34. Kd3
d4 35. exd4 Kd5 36. Rb2 Rxd4+ 37. Ke3 Re4+ 38. Kf3 Ra4 39. Rb7 Ra3+ 40. Kf2
Rxa2+ 41. Kf3 a4 42. Rxg7 a3 43. Rf7 Ra1 44. Kg2 Rc1 45. Ra7 Rc2+ 46. Kf3 Rc3+
47. Kg2 h5 48. Ra5 Kc4 49. g4 fxg4 50. f5 Kb4 51. Ra6 Kb5 52. Ra7 Rf3 53. f6
Rxf6 54. Rxa3 Rf5 55. Kg3 Kb4 56. Ra6 Kb5 57. Ra8 Rf3+ 58. Kg2 Rh3 59. Rg8 Rxh4
60. Rg5 Rh3 61. Kf2 Rf3+ 62. Kg2 h4 63. Kh2 Rf4 64. Kg2 g3 65. Kh3 Rc4 66. Rh5
Rc2 67. Rg5 Rh2+ 68. Kg4 g2 69. Kf3 h3 0-1

[Event "22nd European Teams"]
[Site "Batumi GEO"]
[Date "2019.10.27"]
[Round "4.1"]
[Board "2"]
[White "Kuzubov, Yuriy"]
[Black "Sargissian, Gabriel"]
[Result "1/2-1/2"]
[WhiteTitle "GM"]
[BlackTitle "GM"]
[WhiteElo "2636"]
[BlackElo "2690"]
[WhiteTeam "Ukraine"]
[BlackTeam "Armenia"]
[WhiteFideId "14112906"]
[BlackFideId "13300881"]
[EventDate "2019.10.24"]

1. d4 Nf6 2. c4 e6 3. Nf3 d5 4. Nc3 Bb4 5. Bg5 h6 6. Bxf6 Qxf6 7. Qa4+ Nc6 8. e3
O-O 9. Rd1 Rd8 10. Qb3 Qe7 11. cxd5 exd5 12. a3 Bxc3+ 13. Qxc3 Bg4 14. Be2 Nb8
15. h3 Bxf3 16. Bxf3 c6 17. O-O Nd7 18. b4 a6 19. Rb1 Nb6 20. Be2 Nc8 21. a4 Nd6
22. Bd3 Rac8 23. Rfc1 b5 24. axb5 cxb5 25. Qa1 Rxc1+ 26. Rxc1 Nc4 27. Qxa6 Qxb4
28. Rb1 Qc3 29. Bxc4 bxc4 30. Qb6 Ra8 31. Qc6 Ra1 32. Qc8+ Kh7 33. Qf5+ Kg8 34.
Qc8+ 1/2-1/2

[Event "22nd European Teams"]
[Site "Batumi GEO"]
[Date "2019.10.27"]
[Round "4.1"]
[Board "3"]
[White "Melkumyan, Hrant"]
[Black "Moiseenko, Alexander"]
[Result "1-0"]
[WhiteTitle "GM"]
[BlackTitle "GM"]
[WhiteElo "2650"]
[BlackElo "2635"]
[WhiteTeam "Armenia"]
[BlackTeam "Ukraine"]
[WhiteFideId "13302485"]
[BlackFideId "14102560"]
[EventDate "2019.10.24"]

1. d4 Nf6 2. c4 e6 3. Nf3 d5 4. Nc3 Bb4 5. Bg5 h6 6. Bh4 dxc4 7. a3 Bxc3+ 8.
bxc3 Qd5 9. Bxf6 gxf6 10. Nd2 b5 11. e4 Qc6 12. a4 a6 13. Qh5 Bb7 14. Be2 Nd7
15. O-O f5 16. Bf3 Nf6 17. Qh4 Nxe4 18. Rfe1 Qd6 19. Nxe4 fxe4 20. Bxe4 Bxe4 21.
Rxe4 bxa4 22. Qf6 Rf8 23. Ree1 a3 24. Qf3 Kd7 25. Qe2 Rg8 26. Qxc4 Qc6 27. Qxc6+
Kxc6 28. Rxa3 a5 29. Rea1 Kb5 30. Kf1 Ra7 31. g3 h5 32. h4 c5 33. Ke2 cxd4 34.
cxd4 a4 35. Kd3 Kb4 36. Rc3 Rd8 37. Rb1+ Ka5 38. Rc5+ Ka6 39. Rb4 a3 40. Rc3 Ka5
41. Rxa3+ Kxb4 42. Rxa7 f5 43. Rb7+ Ka5 44. Rh7 Kb4 45. Rxh5 Ra8 46. Rh6 Ra3+
47. Ke2 Ra6 48. Rh8 Kc4 49. Rd8 Ra3 50. h5 f4 51. gxf4 Rh3 52. Rh8 Kxd4 53. h6
Ke4 54. h7 Rh2 55. f5 Ke5 56. fxe6 1-0

[Event "22nd European Teams"]
[Site "Batumi GEO"]
[Date "2019.10.27"]
[Round "4.1"]
[Board "4"]
[White "Onischuk, Vladimir"]
[Black "Martirosyan, Haik M."]
[Result "1-0"]
[WhiteTitle "GM"]
[BlackTitle "GM"]
[WhiteElo "2616"]
[BlackElo "2607"]
[WhiteTeam "Ukraine"]
[BlackTeam "Armenia"]
[WhiteFideId "14114038"]
[BlackFideId "13306553"]
[EventDate "2019.10.24"]

1. e4 e6 2. d4 d5 3. Nc3 Bb4 4. exd5 exd5 5. Bd3 Nf6 6. a3 Be7 7. Qf3 O-O 8.
Nge2 c6 9. h3 Nbd7 10. g4 Ne8 11. Bf4 Nd6 12. O-O Re8 13. Rae1 Nf8 14. Ng3 Ng6
15. Bc1 Nh4 16. Qh1 f5 17. f3 Rf8 18. Nce2 Nf7 19. c3 Bd6 20. gxf5 Nh6 21. Bxh6
gxh6 22. f4 Bd7 23. Kh2 Kh8 24. Qg1 Qf6 25. Nh5 Qf7 26. Neg3 Rg8 27. Re5 Raf8
28. Qe3 Re8 29. Qf2 Ref8 30. f6 Bc8 31. Rfe1 Qd7 32. Bf1 Qf7 33. R1e3 Ng6 34.
Bd3 Qc7 35. Nf5 Bxf5 36. Bxf5 Nxe5 37. fxe5 Rg5 38. Ng3 c5 39. h4 cxd4 40. cxd4
Rgg8 41. exd6 Qxd6 42. Re7 1-0

[Event "22nd European Teams"]
[Site "Batumi GEO"]
[Date "2019.10.27"]
[Round "4.2"]
[Board "2"]
[White "L'Ami, Erwin"]
[Black "McShane, Luke J"]
[Result "0-1"]
[WhiteTitle "GM"]
[BlackTitle "GM"]
[WhiteElo "2619"]
[BlackElo "2682"]
[WhiteTeam "Netherlands"]
[BlackTeam "England"]
[WhiteFideId "1007998"]
[BlackFideId "404853"]
[EventDate "2019.10.24"]

1. d4 Nf6 2. c4 g6 3. Nc3 Bg7 4. e4 d6 5. Nf3 O-O 6. Be2 e5 7. O-O Na6 8. Be3 c6
9. d5 Ng4 10. Bg5 f6 11. Bh4 Nh6 12. Ne1 c5 13. Nd3 g5 14. Bg3 f5 15. exf5 Bxf5
16. Bf3 b6 17. Be4 Bd7 18. f3 Nf5 19. Bf2 Nd4 20. a4 Nc7 21. Be3 Rf7 22. Nf2 Bf8
23. Bd3 Be7 24. Nfe4 Kh8 25. Nb5 Ne8 26. Nxd4 cxd4 27. Bd2 Nf6 28. Nxg5 Rg7 29.
f4 Qg8 30. Qe2 Re8 31. Rae1 Ng4 32. Kh1 exf4 33. Ne6 Bh4 34. Bxf4 Bxe1 35. Rxe1
Bxe6 36. dxe6 Rxe6 37. Qd2 Ne3 38. g3 Qa8+ 39. Kg1 Qf3 40. Qf2 Qxf2+ 41. Kxf2
Ng4+ 42. Kf1 Nxh2+ 43. Kf2 Ng4+ 44. Kf1 Rxe1+ 45. Kxe1 Ne5 46. Kd2 Kg8 47. b3
Kf7 0-1

[Event "22nd European Teams"]
[Site "Batumi GEO"]
[Date "2019.10.27"]
[Round "4.2"]
[Board "3"]
[White "Howell, David W L"]
[Black "Van den Doel, Erik"]
[Result "1/2-1/2"]
[WhiteTitle "GM"]
[BlackTitle "GM"]
[WhiteElo "2694"]
[BlackElo "2603"]
[WhiteTeam "England"]
[BlackTeam "Netherlands"]
[WhiteFideId "410608"]
[BlackFideId "1003720"]
[EventDate "2019.10.24"]

1. e4 e5 2. Nf3 Nc6 3. Bc4 Bc5 4. O-O Nf6 5. d3 O-O 6. c3 d5 7. exd5 Nxd5 8. a4
a5 9. Nbd2 Nb6 10. Bb5 Bd6 11. Ne4 Bg4 12. h3 Bh5 13. Re1 Na7 14. d4 Nxb5 15.
axb5 exd4 16. Nxd6 Qxd6 17. Qxd4 Qxd4 18. Nxd4 Bg6 19. Nb3 a4 20. Nc5 Ra5 21. b4
Rxb5 22. Nxa4 Nxa4 23. Rxa4 Rb6 24. Be3 Rc6 25. Bd4 Rc8 26. b5 Rd6 27. Ra7 c5
28. Be5 Re6 29. Re3 f6 30. Bf4 Rb6 31. c4 Kf8 32. Rea3 Bf7 33. Be3 Bxc4 34. Rc3
Bxb5 35. Ra5 Ba6 36. Raxc5 Rbc6 37. Rxc6 bxc6 38. Ra3 Bc4 39. Ra7 h5 40. h4 Bd5
41. Kh2 Kg8 42. Kg3 Re8 43. Ra4 Kf7 44. Ra7+ Kg6 45. Bc5 Rg8 46. f3 Kf5 47. Bd4
g6 48. Rd7 Ke6 49. Ra7 Rb8 50. Kf4 Rb4 51. Ke3 Rb3+ 52. Kf4 Rb4 53. Ke3 Rc4 54.
Kd3 Rb4 1/2-1/2

[Event "22nd European Teams"]
[Site "Batumi GEO"]
[Date "2019.10.27"]
[Round "4.2"]
[Board "4"]
[White "Van Foreest, Lucas"]
[Black "Jones, Gawain C B"]
[Result "1/2-1/2"]
[WhiteTitle "GM"]
[BlackTitle "GM"]
[WhiteElo "2531"]
[BlackElo "2688"]
[WhiteTeam "Netherlands"]
[BlackTeam "England"]
[WhiteFideId "1039792"]
[BlackFideId "409561"]
[EventDate "2019.10.24"]

1. e4 e5 2. Nf3 Nc6 3. Bb5 Nf6 4. O-O Nxe4 5. d4 Nd6 6. Bxc6 dxc6 7. dxe5 Nf5 8.
Qxd8+ Kxd8 9. Nc3 Be7 10. Rd1+ Ke8 11. g4 Nh4 12. Nxh4 Bxh4 13. Kg2 Be7 14. f3
h5 15. h3 f6 16. exf6 gxf6 17. Ne2 Kf7 18. Bf4 hxg4 19. hxg4 f5 20. g5 Be6 21.
Rh1 Rag8 22. b3 Rxh1 23. Rxh1 Bxg5 24. Rh7+ Kf6 25. Kf2 Bxf4 26. Nxf4 Bf7 27.
Nd3 a5 28. f4 Rg7 29. Rxg7 Kxg7 30. a3 Kf6 31. Ke3 Bh5 32. b4 axb4 33. axb4 Ke7
34. Kd4 Kd6 35. c4 Be2 36. Ne5 Bf1 37. Nf3 Ke6 38. Nd2 Bg2 39. Ke3 Kf6 40. Nb3
Bf1 41. Nd2 Bg2 42. Nb3 b6 43. Kd4 Bf3 44. Nd2 Bd1 45. Nf1 Ke6 46. Ne3 Bf3 47.
c5 Be2 48. Kc3 Bb5 49. Kd2 Ba6 50. Ke1 Bc8 51. Kf2 Bd7 52. Kg3 Be8 53. Kh4 Kf6
54. Nc4 bxc5 55. bxc5 Bf7 56. Ne5 Bd5 57. Nd3 Bf3 58. Nb4 Ke6 59. Kg5 Be4 60.
Kg6 Bf3 61. Kg7 Bg4 62. Kg6 Bf3 63. Kg5 Be4 64. Kh4 Bd5 65. Kg3 Bc4 66. Kf2 Bb5
67. Ke3 Kf6 68. Nc2 Ke6 69. Kd4 Ba4 70. Ne1 Bb5 71. Nf3 Be2 72. Ng5+ Kf6 73. Ke3
Bg4 74. Kd3 Ke7 75. Kc3 Kf6 76. Kd4 Be2 77. Nh3 Ke6 78. Nf2 Kf6 79. Ke3 Bb5 80.
Nh1 Ke6 81. Kd4 Kf6 82. Ng3 Ba6 83. Nh1 Ke6 84. Nf2 Be2 85. Nh3 Bg4 86. Ng5+ Kf6
87. Ke3 Ke7 88. Kf2 Kf6 89. Ke3 Ke7 1/2-1/2